| 000 | 00468nam a2200133Ia 4500 | ||
|---|---|---|---|
| 008 | 190813s9999 xx 000 0 und d | ||
| 020 | _a9781138831438 | ||
| 100 | _aRivett, Mark. | ||
| 245 |
_cMark Rivett, Joanne Buchmüller; with Karon Oliver.-- _aFamily therapy skills and techniques in action / |
||
| 260 |
_aNew York : _bRoutledge _c2018 |
||
| 300 | _a217 pages. | ||
| 500 | _aIncluded bibliographical references and index. | ||
| 650 | _aFamily theraphy -- methods. | ||
| 999 |
_c362063 _d362063 |
||